5 Minecraft Youtuber Skins - Statistics

General Stats
  • This quiz has been taken 113 times
  • The average score is 3 of 5
Answer Stats
Picture Answer % Correct
Dream
100%
Mumbo Jumbo
69%
Mrbeast Gaming
67%
Prestonplayz
31%
Rekrap2
27%
No matching quizzes found
Score Distribution
Percent of People with Each Score
Percentile by Number Answered
Your Score History
You have not taken this quiz